000 00693nam a2200217Ia 4500
003 IN-BaIIA
008 211028s9999 xx 000 0 eng d
020 _a978-1-138-58162-3
040 _cIIA Library
080 _a658
_bBAD
100 _aBadiru, Adedeji
_937021
245 0 _aIndustrial project management
_bconcept.s, tools, and techniques
_cAdedeji Badiru, Abidemi Badiru and Adetokunboh Badiru
260 _aBoca Raton
_bCRC Press
_c2018
300 _axiii, 306p.
650 _aIndustrial concepts
_937022
650 _aIndustrial techniques
_937023
650 _aProject management
_937024
700 _aBadiru, Abidemi
_937025
700 _aBadiru, Adetokunboh
_937026
942 _cBK
999 _c19361
_d19361